01773nam a2200301 a 450000100100000000500170001000800410002704000250006808200260009310000250011924500470014425000120019126000470020330000300025049000110028050000630029150504480035459000260080265000510082865000650087971000610094483000180100591000380102395201390106195201240120095201300132499900170145400002150020251120073732.0100908s1988 dr r 001 0 spa d aDO-SdBNPbspacBNPHU a510.2433bL865m, 19881 aLora, Ricardo91177110aMatemáticas financieras /cRicardo Lora. a5a. ed. aSantiago de los Caballeros :bUCMM,c1988. a260 p. :bgraf. ;c25 cm.1 aTextos aIncluye datos biográficos del autor en la contracubierta0 aLos números. Repaso de algunas operaciones - Exponentes. Logaritmos; concepto, tabla y su uso - Algunas nociones de estadística - Depreciación - Descuento comercial - Calculo de precios y beneficio - Interés simple - Valor actual u descuento bancario - Interés compuesto - Anualidades vencidas u ordinarias - Anualidades anticipadas y diferidas - Amortización - Bonos. Algunas operaciones - Caso general de las anualidades ciertas. aInventariado, 2018/BT 4aMatemáticas financierasxEnseñanzas911772 4aMatemáticas financierasxProblemas, ejercicios, etc.9710022aPontificia Universidad Católica Madre y Maestra 9843 0aTextos914460 aValidado. Control de calidad. MFF 001054708DSaGRbGRcHDd2013-05-08iLF1l0o510.2433 L865m, 1988p21500-50r2020-06-25te. 3w2020-06-25yLFDSZPréstamo en sala 0010718PDaPDbPDcHDd2010-09-08iLF1l0o510.2433 L865m, 1988p21500-10r2020-06-25w2020-06-25yLFPDZNo se presta 0010718PDaPDbPDcHDd2011-01-27iLF1l0o510.2433 L865m, 1988p21500-20r2020-06-25te. 2w2020-06-25yLFPDZNo se presta c21000d21000